| 000 | 00853cam a22002893a 4500 | ||
|---|---|---|---|
| 001 | 16388604 | ||
| 003 | OSt | ||
| 005 | 20140310182237.0 | ||
| 008 | 980108s1994 xxu 000 1 eng | ||
| 010 | _a 97817385 | ||
| 020 | _a0671881922 | ||
| 035 | _a(DLC) 97817385 | ||
| 040 |
_aDLC _cDLC _dDLC |
||
| 050 |
_aPZ 7 _b.K26n101 1994 |
||
| 082 |
_aFIC _bK25nf #101 |
||
| 100 | 1 |
_aKeene, Carolyn. _94653 |
|
| 245 | 1 | 4 |
_aThe picture of guilt / _cCarolyn Keene. |
| 260 |
_aNew York : _bArchway Paperback, _cc1994. |
||
| 300 |
_a150 p. ; _c18 cm. |
||
| 490 | 0 |
_aThe Nancy Drew files ; _vno. 101 |
|
| 650 |
_aFiction _9746 |
||
| 655 | 7 |
_aYoung adult fiction. _2lcsh _93735 |
|
| 710 | 2 |
_aCopyright Paperback Collection (Library of Congress) _5DLC _9705 |
|
| 906 |
_a7 _bcbc _corignew _d2 _encip _f19 _gy-genrareb |
||
| 942 |
_2lcc _cBK-FIC |
||
| 999 |
_c11045 _d11045 |
||